[Event "Vezerkepzo GM November 2021"]
[Site "Budapest"]
[Date "2021.11.18"]
[Round "1.1"]
[White "Kovalev, Andrei"]
[Black "Pap, Misa"]
[Result "1/2-1/2"]
[WhiteElo "2501"]
[BlackElo "2377"]
[Annotator "TA"]
[PlyCount "39"]
[EventDate "2021.11.20"]
[EventType "tourn"]
[EventRounds "9"]
[EventCountry "HUN"]
[SourceTitle "playchess.com"]
[Source "ChessBase"]
[SourceQuality "1"]

{[%evp 17,39,0,0,0,0,-13,0,0,14,0,12,5,9,0,12,9,22,18,18,0,0,0,10,-7]} 1. e4 e5 2. Nf3 Nf6 3. Nc3 Nc6 4. d4 exd4 5. Nxd4 Bb4 6. Nxc6 bxc6 7. Bd3 d5 8. exd5 cxd5 9. O-O O-O {The position is equal.} 10. h3 {C47: Scotch Four Knights and Four Knights with 4 g3.} c6 11. Qf3 h6 12. Bf4 Bd6 13. Rad1 Rb8 14. b3 Be6 15. Rfe1 Re8 16. Ne2 c5 17. Bxd6 Qxd6 18. Qf4 Qxf4 19. Nxf4 {[#]} Kf8 $146 ({Predecessor:} 19... g5 20. Nxe6 Rxe6 21. Bf5 Rxe1+ 22. Rxe1 Re8 23. Rxe8+ Nxe8 24. Kf1 Kg7 25. Ke2 Kf6 26. Bd7 Nc7 27. Kd3 Ke5 28. c3 f5 29. g3 f4 {½-½ (29) Grottke,H (2107)-Kahn,P (1945) Binz 2015}) 20. Bf1 {Not much happened in this game.  Weighted Error Value: White=0.05/Black=0.08} 1/2-1/2

[Event "Vezerkepzo GM November 2021"]
[Site "Budapest"]
[Date "2021.11.18"]
[Round "1.2"]
[White "Juhasz, Agoston"]
[Black "Karthik Venkataraman"]
[Result "1/2-1/2"]
[WhiteElo "2379"]
[BlackElo "2491"]
[Annotator "TA"]
[PlyCount "177"]
[EventDate "2021.11.20"]
[EventType "tourn"]
[EventRounds "9"]
[EventCountry "HUN"]
[SourceTitle "playchess.com"]
[Source "ChessBase"]
[SourceQuality "1"]

{[%evp 13,177,0,22,0,0,0,0,2,10,0,6,0,0,0,17,18,23,11,12,18,16,25,23,0,0,0,0,0,0,0,0,0,0,0,0,0,0,0,0,0,0,0,9,8,8,7,74,8,39,0,42,0,0,0,0,0,0,0,0,0,0,0,0,0,0,0,0,0,0,0,0,0,0,0,0,0,0,0,12,0,0,0,0,0,0,0,0,0,0,0,0,0,0,0,0,0,0,0,0,0,0,0,0,0,0,0,0,0,0,0,0,0,0,0,0,0,0,0,0,0,0,0,0,0,0,0,0,0,0,0,0,0,0,0,0,0,0,0,0,0,0,0,0,0,0,0,0,0,0,0,0,0,0,0,0,0,0,0,0,0,0,-28000,-28000,-28000,-28000,-28000]} 1. e4 c5 2. Nf3 d6 3. d4 cxd4 4. Nxd4 Nf6 5. Nc3 a6 6. Bd3 e5 7. Nde2 Be6 8. O-O {B90: Sicilian Najdorf: Unusual White 6th moves, 6 Be3 Ng4 and 6 Be3 e5.} Nc6 9. f4 exf4 10. Nxf4 {The position is equal.} Be7 11. Be3 Ne5 12. a4 O-O 13. Bd4 {[#]} Nfd7 $146 ({Predecessor:} 13... Rc8 14. h3 Re8 15. Kh1 Nfd7 16. Ncd5 Bg5 17. a5 Nc6 18. Bc3 Nce5 19. Qe2 Nf6 {½-½ (47) Kryvoruchko,Y (2686)-Chigaev,M (2639) Riga 2021}) 14. Ncd5 Bg5 15. c3 Bxf4 16. Nxf4 Nxd3 17. Qxd3 Ne5 18. Bxe5 (18. Nxe6 {is more complex.} Nxd3 19. Nxd8 Rfxd8 20. b3 f6 21. Rfd1) 18... dxe5 19. Qxd8 Raxd8 20. Nxe6 fxe6 $11 {[%mdl 4096] Endgame KRR-KRR} 21. Rfd1 g5 22. g3 g4 23. Kg2 Kf7 24. Kf2 Ke7+ 25. Ke3 Rf3+ 26. Ke2 Rc8 27. Rd3 Rf6 {And now ...Rcf8 would win.} 28. Rad1 {[#] aiming for Rd7+.} Rc7 29. R1d2 Rh6 (29... a5 $11 {remains equal.}) 30. Ke3 (30. Kd1 $16) 30... Rf6 31. Ke2 Rf8 32. b3 b5 33. axb5 axb5 34. Ra2 Rf6 35. Ke1 (35. b4 {is interesting.} Kf7 36. Ke1 Kg7 37. Ra5 Rcf7 38. Rxb5 Rf1+ 39. Ke2) 35... Kf7 (35... Rf8 {keeps more tension.} 36. Ke2) 36. Ra5 Rh6 37. Ra2 Kg7 38. Rad2 Kf6 39. Rc2 Ke7 40. Ra2 Rb7 41. Kf1 Rf6+ 42. Ke1 Rf8 43. Ra6 Rf6 44. Ra8 (44. b4 {seems wilder.} Kf7 45. Ra5 Kg6 46. Rd2 Rf3 47. Ra6) 44... Rh6 45. Ra2 (45. Rg8 {feels hotter.} Rg6 46. Rdd8 Rc7 47. Rge8+ Kf7 48. Rf8+) 45... Kf6 46. Rc2 Ra7 47. c4 bxc4 48. bxc4 Ke7 49. c5 (49. Kf1 {feels hotter.} Rf6+ 50. Kg2 Rf8 51. Rb3 Rc7 52. Rb5) 49... Ra1+ 50. Rd1 Rxd1+ 51. Kxd1 {KR-KR} Kd7 52. c6+ Kc7 53. Ke1 Rg6 54. Rc5 Rh6 55. Rc2 Rg6 56. Kf2 Rg8 57. Rc5 Kd6 58. Ra5 Rc8 (58... Rf8+ {looks sharper.} 59. Ke2 h5 60. c7 Rc8 61. Ra6+ Kxc7 62. Rxe6 Kd7) 59. Ra7 Rc7 60. Ra8 Rxc6 61. Rg8 Rc2+ 62. Kg1 h5 63. Rd8+ (63. Rg5 {keeps more tension.} Ra2 64. Rxh5 Ra7 65. Kf2 Ra4 66. Ke3) 63... Ke7 64. Rh8 Re2 (64... Rc1+ {feels hotter.} 65. Kf2 Rc2+ 66. Kg1) 65. Rxh5 Rxe4 66. Kf2 Kd6 67. Rh8 Ra4 68. Ke3 Rb4 69. Rg8 Ke7 70. Rg6 Kf7 71. Rh6 Ra4 72. Kd3 Ke7 (72... e4+ {with more complications.} 73. Ke3 Ke7 74. Rh4 Ra2 75. Rxg4 Rxh2 76. Rxe4) 73. Ke3 Kd6 74. Rh8 Ra2 75. Rg8 (75. Ke4 {is interesting.} Re2+ 76. Kd3 Ra2 77. Ke3 Kd5 78. Rd8+) 75... Rxh2 76. Rxg4 Ra2 77. Rg8 Ra3+ 78. Ke4 Ra4+ (78... Ra1 {is more complex.} 79. g4 Re1+ 80. Kf3 Rf1+ 81. Ke4 Rf4+) 79. Ke3 e4 80. Rg5 e5 81. Rg8 Kd5 82. Rd8+ Ke6 83. Re8+ Kf5 84. Rf8+ Kg4 85. Rg8+ Kh3 86. Rg5 Ra3+ $2 {[%mdl 8192] [#]} (86... Kg2 $11) 87. Kxe4 Rxg3 88. Rxg3+ Kxg3 89. Kxe5 {[%mdl 32768] Weighted Error Value: White=0.06/Black=0.05. An unexpected result.} 1/2-1/2

[Event "Vezerkepzo GM November 2021"]
[Site "Budapest"]
[Date "2021.11.18"]
[Round "1.3"]
[White "Murphy, Conor E"]
[Black "Nitish Belurkar"]
[Result "0-1"]
[WhiteElo "2421"]
[BlackElo "2362"]
[Annotator "NA"]
[PlyCount "132"]
[EventDate "2021.11.20"]
[EventType "tourn"]
[EventRounds "9"]
[EventCountry "HUN"]
[SourceTitle "playchess.com"]
[Source "ChessBase"]
[SourceQuality "1"]
[TimeControl "40/5400+30:1800+30"]

1. d4 Nf6 2. c4 g6 3. Nc3 Bg7 4. e4 d6 5. h3 O-O 6. Be3 e5 7. d5 a5 8. g4 Na6 9. Nge2 c6 10. Ng3 cxd5 11. cxd5 Bd7 12. Be2 Nc5 13. h4 a4 14. f3 b5 15. Qd2 Qa5 16. h5 Rfc8 17. Bh6 a3 18. Bxg7 axb2 19. Rb1 Kxg7 20. Rxb2 Nd3+ 21. Bxd3 Rxc3 22. O-O Qb6+ 23. Kh1 Qd4 24. Rb3 Ra3 25. Qxc3 Qxc3 26. Rxc3 Rxc3 27. Rd1 gxh5 28. g5 Ne8 29. Ne2 Ra3 30. f4 Bg4 31. Bxb5 Nc7 32. Bc4 Re3 33. fxe5 Ne8 34. Rd2 Rxe4 35. Bb5 Nc7 36. Nc3 Rxe5 37. Bc6 Re3 38. Na4 Kg6 39. Nb6 Rc3 40. Rf2 Bf3+ 41. Kh2 Kxg5 42. Nc8 Kg4 43. Nxd6 Rc1 44. Rxf3 Kxf3 45. Nxf7 Kf4 46. a4 Rc5 47. Nd8 Ke5 48. Nf7+ Kf4 49. Nd8 Ke5 50. Nf7+ Kd4 51. Ng5 h6 52. Nf3+ Ke3 53. Nh4 Nxd5 54. Nf5+ Kf4 55. Nd4 Ke5 56. Nf3+ Ke4 57. Nd2+ Kf4 58. Bb7 Ne3 59. Ne4 Rc2+ 60. Kg1 Ng4 61. a5 h4 62. Nd6 h3 63. Kf1 h2 64. a6 Ra2 65. Nb5 Ne3+ 66. Ke1 Ng2+ 0-1

[Event "Vezerkepzo GM November 2021"]
[Site "Budapest"]
[Date "2021.11.18"]
[Round "1.4"]
[White "Chakravarthi Reddy, M."]
[Black "Prraneeth Vuppala"]
[Result "1-0"]
[WhiteElo "2332"]
[BlackElo "2275"]
[Annotator "NA"]
[PlyCount "89"]
[EventDate "2021.11.20"]
[EventType "tourn"]
[EventRounds "9"]
[EventCountry "HUN"]
[SourceTitle "playchess.com"]
[Source "ChessBase"]
[SourceQuality "1"]
[TimeControl "40/5400+30:1800+30"]

1. c4 e5 2. Nc3 Nf6 3. Nf3 Nc6 4. e3 Bb4 5. Qc2 Bxc3 6. Qxc3 Qe7 7. a3 d5 8. cxd5 Nxd5 9. Qc2 e4 10. Ng1 O-O 11. b4 f5 12. Bc4 Be6 13. Bb2 Kh8 14. Nh3 a6 15. O-O Rad8 16. f3 Bg8 17. fxe4 fxe4 18. Nf2 Rde8 19. Ng4 Qe6 20. Bxd5 Qxd5 21. Qc3 Qg5 22. Nf6 Re6 23. h4 Qg6 24. Nh5 Rxf1+ 25. Rxf1 Re7 26. Qc5 b6 27. Qg5 Rf7 28. Rf4 Ne7 29. Rxe4 Nf5 30. Rg4 Qxg5 31. hxg5 Rd7 32. Rf4 Nd6 33. Rf8 Nc4 34. Bc3 Nd6 35. d3 Re7 36. e4 c5 37. bxc5 bxc5 38. a4 c4 39. Nxg7 Rxg7 40. e5 Nf5 41. e6 cxd3 42. Rxf5 d2 43. Rd5 Bxe6 44. Rd8+ Bg8 45. Rxd2 1-0

[Event "Vezerkepzo GM November 2021"]
[Site "Budapest"]
[Date "2021.11.18"]
[Round "1.5"]
[White "Souhardo Basak"]
[Black "Manish Anto Cristiano F"]
[Result "1-0"]
[WhiteElo "2382"]
[BlackElo "2371"]
[Annotator "NA"]
[PlyCount "57"]
[EventDate "2021.11.20"]
[EventType "tourn"]
[EventRounds "9"]
[EventCountry "HUN"]
[SourceTitle "playchess.com"]
[Source "ChessBase"]
[SourceQuality "1"]
[TimeControl "40/5400+30:1800+30"]

1. e4 c5 2. Nf3 d6 3. d4 cxd4 4. Nxd4 Nf6 5. Nc3 a6 6. Be2 e5 7. Nb3 Be7 8. Be3 Be6 9. Nd5 Nbd7 10. Qd3 Bxd5 11. exd5 O-O 12. g4 Nc5 13. Nxc5 dxc5 14. O-O-O e4 15. Qd2 Ne8 16. h4 Rc8 17. g5 Nd6 18. h5 f5 19. Rdg1 Qc7 20. Bf4 Rfd8 21. g6 h6 22. Bxh6 gxh6 23. Qxh6 Bf6 24. g7 Qe7 25. Qh8+ Kf7 26. Qh7 Bxb2+ 27. Kb1 Kf6 28. Rg6+ Ke5 29. g8=Q 1-0

[Event "Vezerkepzo GM November 2021"]
[Site "Budapest"]
[Date "2021.11.19"]
[Round "2.1"]
[White "Pap, Misa"]
[Black "Manish Anto Cristiano F"]
[Result "1-0"]
[WhiteElo "2377"]
[BlackElo "2371"]
[Annotator "NA"]
[PlyCount "97"]
[EventDate "2021.11.20"]
[EventType "tourn"]
[EventRounds "9"]
[EventCountry "HUN"]
[SourceTitle "playchess.com"]
[Source "ChessBase"]
[SourceQuality "1"]
[TimeControl "40/5400+30:1800+30"]

1. e4 c5 2. c3 Nf6 3. e5 Nd5 4. Nf3 Nc6 5. Bc4 Nb6 6. Bb3 d6 7. exd6 Qxd6 8. O-O Bf5 9. d4 e6 10. Be3 c4 11. Bc2 Bg6 12. Nbd2 Rc8 13. Re1 Be7 14. Ne4 Qc7 15. Bg5 Nd5 16. Bxe7 Qxe7 17. Qe2 Bh5 18. Ng3 Bxf3 19. Qxf3 Qd7 20. Nh5 g6 21. Be4 Nce7 22. Ng7+ Kf8 23. Nxe6+ Qxe6 24. Bxd5 Qxd5 25. Qf6 Rg8 26. Qxe7+ Kg7 27. Qe5+ Qxe5 28. Rxe5 Rc6 29. Rae1 Ra6 30. Rb5 Rxa2 31. Rxb7 Re8 32. Kf1 Rxe1+ 33. Kxe1 Kf6 34. Kd2 Ke6 35. Rb5 h5 36. h4 Kd6 37. g3 Ke6 38. Ke3 Ra1 39. Rc5 Rb1 40. Rxc4 Rxb2 41. Ra4 Rb3 42. Ra6+ Kf5 43. Kd3 Rb7 44. f3 f6 45. Ra5+ Ke6 46. c4 Rc7 47. Ra6+ Ke7 48. d5 Rb7 49. Kd4 1-0

[Event "Vezerkepzo GM November 2021"]
[Site "Budapest"]
[Date "2021.11.19"]
[Round "2.2"]
[White "Prraneeth Vuppala"]
[Black "Souhardo Basak"]
[Result "1-0"]
[WhiteElo "2275"]
[BlackElo "2382"]
[Annotator "NA"]
[PlyCount "59"]
[EventDate "2021.11.20"]
[EventType "tourn"]
[EventRounds "9"]
[EventCountry "HUN"]
[SourceTitle "playchess.com"]
[Source "ChessBase"]
[SourceQuality "1"]
[TimeControl "40/5400+30:1800+30"]

1. e4 c5 2. Nf3 d6 3. Bb5+ Nd7 4. a4 Ngf6 5. Nc3 a6 6. Be2 g6 7. a5 Bg7 8. O-O O-O 9. d3 Nb8 10. e5 Ng4 11. exd6 Qxd6 12. h3 Nf6 13. Nd2 Qc7 14. Nc4 Nc6 15. Na4 Nd4 16. Ncb6 Rb8 17. c3 Ne6 18. Nxc8 Rbxc8 19. Nb6 Rcd8 20. Bf3 Nd7 21. Nxd7 Rxd7 22. Qe2 Rfd8 23. Rd1 Nf8 24. Ra4 e5 25. Bg5 f6 26. Be3 Ne6 27. b4 cxb4 28. Qa2 Re8 29. Rxb4 Qxc3 30. Rc4 1-0

[Event "Vezerkepzo GM November 2021"]
[Site "Budapest"]
[Date "2021.11.19"]
[Round "2.3"]
[White "Nitish Belurkar"]
[Black "Chakravarthi Reddy, M."]
[Result "1-0"]
[WhiteElo "2362"]
[BlackElo "2332"]
[Annotator "NA"]
[PlyCount "59"]
[EventDate "2021.11.20"]
[EventType "tourn"]
[EventRounds "9"]
[EventCountry "HUN"]
[SourceTitle "playchess.com"]
[Source "ChessBase"]
[SourceQuality "1"]
[TimeControl "40/5400+30:1800+30"]

1. d4 d5 2. Nf3 Nf6 3. Bf4 c5 4. e3 Nc6 5. c3 Qb6 6. b3 Bf5 7. Bd3 Bg6 8. dxc5 Qxc5 9. b4 Qb6 10. a4 a5 11. b5 Na7 12. O-O e6 13. c4 dxc4 14. Bxg6 hxg6 15. Nbd2 Rc8 16. Ne5 Bb4 17. Ndxc4 Qc5 18. e4 Rd8 19. Qf3 Nc8 20. Nxf7 Kxf7 21. Ne5+ Kg8 22. Rac1 Qe7 23. Nxg6 Qf7 24. Nxh8 Kxh8 25. Bg5 Rf8 26. e5 Qh5 27. Qxh5+ Nxh5 28. g4 Nb6 29. gxh5 Nxa4 30. Rc7 1-0

[Event "Vezerkepzo GM November 2021"]
[Site "Budapest"]
[Date "2021.11.19"]
[Round "2.4"]
[White "Karthik Venkataraman"]
[Black "Murphy, Conor E"]
[Result "1-0"]
[WhiteElo "2491"]
[BlackElo "2421"]
[Annotator "TA"]
[PlyCount "79"]
[EventDate "2021.11.20"]
[EventType "tourn"]
[EventRounds "9"]
[EventCountry "HUN"]
[SourceTitle "playchess.com"]
[Source "ChessBase"]
[SourceQuality "1"]

{[%evp 9,79,19,29,17,14,19,24,22,21,0,16,5,11,0,0,3,0,0,-1,-91,17,29,37,37,23,22,31,0,29,27,31,23,22,24,62,27,30,0,41,28,128,128,152,145,150,145,173,179,183,164,162,106,265,260,290,289,290,286,275,245,276,264,962,937,865,809,29983,29984,29983,29984,29995,29996]} 1. e4 {Mueller,Karsten} e5 2. Nf3 Nc6 3. Bb5 Nf6 4. d3 Bc5 5. Bxc6 dxc6 6. O-O {C65: Ruy Lopez: Berlin Defence (3...Nf6), unusual lines and 4 0-0 Bc5.} Qe7 7. Nbd2 Bg4 8. h3 {White has an edge.} Bh5 9. a3 a6 10. Nc4 Nd7 11. b4 {[#]} Bd4 $146 {[#] aiming for ...Bxf3.} ({Predecessor:} 11... Ba7 12. Be3 Bxe3 13. Nxe3 f6 14. Nf5 Qf8 15. Ng3 Bf7 16. Qd2 g6 17. Nh2 h5 {0-1 (64) So,W (2741)-Carlsen,M (2881) chess24.com INT 2020 CBM 196 Extra [Mueller,Karsten]}) 12. Rb1 f6 13. a4 Nb6 14. g4 (14. Nxb6 $11 Bxb6 15. a5) 14... Bf7 (14... Nxa4 $17 15. Nxd4 (15. gxh5 $2 Nc3 $19 {[%mdl 64] Double Attack}) 15... exd4) 15. Nxd4 $11 exd4 16. Nxb6 cxb6 17. Bf4 h5 18. Kg2 hxg4 19. hxg4 Ba2 20. Rb2 Be6 21. f3 g6 22. Qe1 b5 23. a5 c5 (23... g5 $5 {[%cal Rg5f4]} 24. Bg3 Kf7 $11) 24. Qg3 {Threatens to win with Bd6.} c4 (24... Kd7 $11 {remains equal.}) 25. Bd6 $16 Qd7 26. Bc5 Kf7 27. Rbb1 Rh7 28. Rh1 Rah8 29. Rxh7+ Rxh7 30. Rd1 (30. g5 $18) 30... c3 $2 {Black cannot hold the game after this.} (30... g5 $16 31. Rh1 Rxh1 32. Kxh1 Qd8) 31. g5 $40 {[%mdl 128] White wants a kill.} ({Resist} 31. Qb8 $6 g5 $18) 31... fxg5 32. Qxg5 {[#] And now Qf4+ would win.} Rh5 33. Qf4+ Kg7 34. Qf8+ Kh7 {intending ...Bb3!} 35. Qf6 Bg4 $2 (35... Qc7 36. f4 (36. Qxe6 $2 {gets mated.} Rh2+ 37. Kf1 Rh1+ 38. Kg2 Qh2#) 36... Qf7 37. Qxf7+ Bxf7 38. Bxd4 Be6 39. Bxc3 Bg4) 36. Bxd4 {[%csl Gd4][%cal Rf6h8]} Bxf3+ 37. Kxf3 {[%csl Gd4][%cal Rf6h8]} Rh3+ 38. Kf2 {[%csl Gd4][%cal Rf6h8] White mates.} Rh2+ 39. Kg1 {[%csl Gd4][%cal Rf6h8]} Qg4+ 40. Kxh2 {[%csl Gd4][%cal Rf6h8] Weighted Error Value: White=0.13/Black=0.49} 1-0

[Event "Vezerkepzo GM November 2021"]
[Site "Budapest"]
[Date "2021.11.19"]
[Round "2.5"]
[White "Kovalev, Andrei"]
[Black "Juhasz, Agoston"]
[Result "1/2-1/2"]
[WhiteElo "2501"]
[BlackElo "2379"]
[Annotator "ChessBase"]
[PlyCount "29"]
[EventDate "2021.11.20"]
[EventType "tourn"]
[EventRounds "9"]
[EventCountry "HUN"]
[SourceTitle "playchess.com"]
[Source "ChessBase"]
[SourceQuality "1"]
[TimeControl "40/5400+30:1800+30"]

1. e4 c6 2. d4 d5 3. Nd2 dxe4 4. Nxe4 Nf6 5. Nxf6+ exf6 6. Bc4 Bd6 7. Qe2+ Be7 8. Nf3 O-O 9. h3 Re8 10. O-O Bd6 11. Be3 Nd7 12. Bd3 Nf8 13. c4 Be6 14. Nh4 g6 15. f4 1/2-1/2

[Event "Vezerkepzo GM November 2021"]
[Site "Budapest"]
[Date "2021.11.20"]
[Round "3.1"]
[White "Juhasz, Agoston"]
[Black "Pap, Misa"]
[Result "0-1"]
[WhiteElo "2379"]
[BlackElo "2377"]
[Annotator "NA"]
[PlyCount "86"]
[EventDate "2021.11.20"]
[EventType "tourn"]
[EventCountry "HUN"]
[SourceTitle "playchess.com"]
[Source "ChessBase"]
[SourceQuality "1"]
[TimeControl "40/5400+30:1800+30"]

1. e4 {[%emt 0:02:06]} e5 {[%emt 0:00:21]} 2. Nf3 {[%emt 0:00:09]} Nc6 {[%emt 0:00:39]} 3. Bc4 {[%emt 0:00:10]} Nf6 {[%emt 0:00:08]} 4. d3 {[%emt 0:00:14]} Be7 {[%emt 0:00:21]} 5. O-O {[%emt 0:00:29]} O-O {[%emt 0:00:14]} 6. Re1 {[%emt 0:00:09]} d6 {[%emt 0:00:08]} 7. a4 {[%emt 0:00:27]} Be6 {[%emt 0:08:27]} 8. a5 {[%emt 0:02:27]} a6 {[%emt 0:02:29]} 9. c3 {[%emt 0:04:31]} Qd7 {[%emt 0:19:11]} 10. Nbd2 {[%emt 0:05:14]} Rfe8 {[%emt 0:03:59]} 11. Bxe6 {[%emt 0:12:55]} fxe6 {[%emt 0:03:09]} 12. Nc4 {[%emt 0:06:49]} Bf8 {[%emt 0:06:40]} 13. Bg5 {[%emt 0:07:33]} Qf7 {[%emt 0:02:08]} 14. d4 {[%emt 0:07:45]} exd4 {[%emt 0:02:35]} 15. Nxd4 {[%emt 0:01:15]} e5 {[%emt 0:17:29]} 16. Nxc6 {[%emt 0:01:17]} bxc6 {[%emt 0:00:08]} 17. Qd3 {[%emt 0:06:42]} Ng4 {[%emt 0:07:03]} 18. f3 {[%emt 0:10:54]} d5 {[%emt 0:00:27]} 19. Ne3 {[%emt 0:01:15]} Nxh2 {[%emt 0:11:25]} 20. exd5 {[%emt 0:10:12]} Qh5 {[%emt 0:00:44]} 21. Qe4 {[%emt 0:06:36]} Nxf3+ {[%emt 0:04:31]} 22. Qxf3 {[%emt 0:00:05]} Qxg5 {[%emt 0:00:04]} 23. Ra4 {[%emt 0:01:52]} Bc5 {[%emt 0:03:23]} 24. Rg4 {[%emt 0:02:00]} e4 {[%emt 0:00:40]} 25. Qf8+ {[%emt 0:07:32]} Kxf8 {[%emt 0:01:59]} 26. Rxg5 {[%emt 0:00:02]} Rab8 {[%emt 0:01:45]} 27. dxc6 {[%emt 0:01:44]} Bxe3+ {[%emt 0:00:41]} 28. Rxe3 {[%emt 0:00:02]} Rxb2 {[%emt 0:00:04]} 29. Rf5+ {[%emt 0:00:22]} Kg8 {[%emt 0:00:11]} 30. Rd5 {[%emt 0:01:19]} Rb1+ {[%emt 0:01:15]} 31. Kf2 {[%emt 0:00:27]} Rb5 {[%emt 0:01:07]} 32. c4 {[%emt 0:01:15]} Rxd5 {[%emt 0:00:52]} 33. cxd5 {[%emt 0:00:01]} Kf7 {[%emt 0:00:24]} 34. Kg3 {[%emt 0:00:46]} Rd8 {[%emt 0:01:29]} 35. Rb3 {[%emt 0:00:36]} Ke7 {[%emt 0:00:34]} 36. Rb7 {[%emt 0:00:31]} Kd6 {[%emt 0:00:30]} 37. Kf4 {[%emt 0:00:14]} Re8 {[%emt 0:00:00]} 38. Ke3 {[%emt 0:00:02]} Re5 {[%emt 0:00:13]} 39. Ra7 {[%emt 0:00:52]} Rxd5 {[%emt 0:00:11]} 40. Rxa6 {[%emt 0:00:00]} Rg5 {[%emt 0:00:00]} 41. Ra8 {[%emt 0:10:35]} Kxc6 {[%emt 0:00:42]} 42. Kxe4 {[%emt 0:00:57]} Kb7 {[%emt 0:00:35]} 43. Rh8 {[%emt 0:03:56]} h6 {[%emt 0:00:06]} 0-1

[Event "Vezerkepzo GM November 2021"]
[Site "Budapest"]
[Date "2021.11.20"]
[Round "3.2"]
[White "Murphy, Conor E"]
[Black "Kovalev, Andrei"]
[Result "1/2-1/2"]
[WhiteElo "2421"]
[BlackElo "2501"]
[Annotator "TA"]
[PlyCount "136"]
[EventDate "2021.11.20"]
[EventType "tourn"]
[EventCountry "HUN"]
[SourceTitle "playchess.com"]
[Source "ChessBase"]
[SourceQuality "1"]

{[%evp 14,136,47,56,45,50,49,56,58,50,61,56,51,22,34,23,51,79,52,45,84,74,84,41,45,46,63,53,47,43,56,65,71,52,58,69,131,125,108,128,126,123,141,146,147,139,197,208,194,201,175,75,63,26,26,22,28,8,12,8,8,8,5,0,8,1,8,0,0,0,0,0,0,0,0,0,0,0,0,0,8,8,29,8,8,8,8,0,8,0,0,0,0,0,0,0,0,0,0,-8,-8,-8,-8,-8,-8,-8,0,-8,-8,-8,-8,-8,-8,-8,-8,-8,-8,-8,0,-8,0,-8,-8,-8,0]} 1. e4 c5 2. Nf3 e6 3. d4 cxd4 4. Nxd4 a6 5. c4 Nf6 6. Nc3 Qc7 7. a3 b6 8. Be3 Bb7 {B41: Sicilian: Kan Variation: 5 c4.} 9. f3 Nc6 10. Rc1 Nxd4 {White is slightly better. 10...Bc5 is more fashionable.} 11. Qxd4 Bc5 12. Qd2 O-O {[#]} 13. Na4 $146 ({Predecessor:} 13. Bf4 e5 14. Be3 Nh5 15. Na4 f5 16. Nxc5 bxc5 17. exf5 Rxf5 18. Be2 Nf4 19. O-O {½-½ (55) Kasparova,T (2090)-Miezis,N (2463) Charleroi 2018}) 13... Bxe3 14. Qxe3 b5 15. Nb6 {Threatens to win with e5.} Rab8 16. e5 Ne8 17. cxb5 Qd8 18. bxa6 (18. b4 {looks sharper.} axb5 19. Bxb5 Bxf3 20. gxf3 Rxb6 21. Bxd7 Rb8 22. Bxe8 Qh4+ 23. Qf2) 18... Bxa6 19. Bxa6 {And now b4 would win.} Qxb6 20. Qxb6 Rxb6 21. Bc8 $36 {[%mdl 2048] White has the initiative.} d6 22. b4 {[%cal Bb2b4,Bb4b5][%mdl 32]} dxe5 23. O-O Nd6 24. Bd7 Ra8 {[#]} ({Black should play} 24... g6 $14) 25. Rc6 $1 $16 {[%cal Rc6b6]} Rxc6 26. Bxc6 {[%mdl 4096] Endgame KRB-KRN} Rc8 (26... Rxa3 $2 27. Rd1 $18) 27. b5 Kf8 28. a4 Nc4 29. Bb7 Rc7 {[#]} (29... Rd8 $16) 30. Rc1 $1 $18 Ke7 31. Be4 Kd6 32. Bd3 (32. Bxh7 $18 {is more deadly.} Rc5 33. Bg8) 32... Nb2 $16 {[%mdl 64] Double Attack} 33. Rxc7 (33. Bc2 {with more complications.} Rc5 34. a5 Rxb5 35. Ra1 Rc5 36. Bxh7 Rc7 37. a6) 33... Kxc7 $14 {KB-KN} 34. Bc2 Kb6 35. Bb3 Nd3 36. Kf1 h6 37. Bc2 Nb4 38. Bd1 Kc5 39. Ke2 Nd5 40. Kd2 Kb4 41. Bc2 Nb6 42. Kd3 Nc4 43. h4 g5 44. hxg5 hxg5 45. Ke2 (45. g3 {keeps more tension.} f6 46. Ke2 Nb6 47. g4 Nc4 48. Kf2) 45... Nd6 46. Kf2 Kc5 47. Kg3 {Hoping for Kg4.} Nc4 48. Bb3 {Black must now prevent Bxc4.} Ne3 {The position is equal.} 49. Kf2 Nf5 50. Bc2 Nd6 51. Bd1 e4 52. fxe4 Nxe4+ 53. Kf3 f5 54. Ke3 Nd6 55. Bb3 e5 56. Be6 f4+ 57. Kf3 e4+ 58. Kf2 Kb4 59. Bd5 Kc5 ({Reject} 59... Kxa4 $6 60. b6 $16) 60. Bc6 e3+ 61. Ke1 Nf5 62. Bf3 Nd4 63. Bg4 Kb6 64. Bc8 Ka5 65. Bg4 Nc2+ (65... Kxa4 $5 66. b6 $8 Ka5 $11) 66. Kf1 Nd4 ({Much weaker is} 66... Kxa4 $6 67. Bd1 $16) 67. Ke1 Nb3 (67... Kxa4 $5 68. b6 $8 Ka5 $11) 68. Bd1 Nd4 {Weighted Error Value: White=0.06/Black=0.05} ({Not} 68... Kxa4 $2 69. b6 $18) 1/2-1/2